[Event "World Youth Open U18 2019"]
[Site "Mumbai IND"]
[Date "2019.10.09"]
[Round "8.3"]
[White "Stoleriu, George"]
[Black "Sargsyan, Shant"]
[Result "0-1"]
[WhiteElo "2351"]
[BlackElo "2580"]
[PlyCount "74"]
[EventDate "2019.10.02"]
[EventType "swiss"]
[EventRounds "11"]
[EventCountry "IND"]
[SourceTitle "OM OTB B 201907"]
[Source "Opening Master"]
[SourceDate "2019.07.06"]
[SourceVersion "2"]
[SourceVersionDate "2019.07.06"]
[SourceQuality "1"]

1. e4 c5 2. Nf3 Nc6 3. Nc3 d6 4. d4 cxd4 5. Nxd4 Nf6 6. Be2 e5 7. Nb3 Be7 8.
O-O O-O 9. f4 a5 10. a4 Nb4 11. Be3 Be6 12. Kh1 Rc8 13. Bf3 h6 14. Rf2 Qc7 15.
Nb5 Qd7 16. c3 exf4 17. Bb6 Bxb3 18. Qxb3 Nd3 19. Rd2 Ne5 20. Bd4 Qe6 21. Qxe6
fxe6 22. Bxe5 dxe5 23. g4 g5 24. h3 Kf7 25. Kg2 Rh8 26. Rad1 Bc5 27. Rd3 Ke7
28. b3 Rcg8 29. Rh1 h5 30. Rd2 hxg4 31. hxg4 Rh4 32. Rxh4 gxh4 33. Kh3 Nh7 34.
Rd3 Ng5+ 35. Kg2 Be3 36. Be2 Nxe4 37. Bf3 h3+ 0-1

[Event "Chigorin Memorial 2019"]
[Site "St Petersburg RUS"]
[Date "2019.10.08"]
[Round "4.20"]
[White "Lintchevski, D."]
[Black "Ovchinnikov, Vsevolod"]
[Result "1-0"]
[WhiteElo "2540"]
[BlackElo "2345"]
[PlyCount "58"]
[EventDate "2019.10.05"]
[EventType "swiss"]
[EventRounds "9"]
[EventCountry "RUS"]
[SourceTitle "OM OTB B 201907"]
[Source "Opening Master"]
[SourceDate "2019.07.06"]
[SourceVersion "2"]
[SourceVersionDate "2019.07.06"]
[SourceQuality "1"]

1. e4 c5 2. Nf3 d6 3. d4 cxd4 4. Nxd4 Nf6 5. Nc3 Nc6 6. Be2 e5 7. Nf3 h6 8. O-O
Be7 9. Re1 O-O 10. h3 Be6 11. Bf1 Qa5 12. Bd2 Qd8 13. a3 a6 14. Bc1 b5 15. Nd5
Bxd5 16. exd5 Na5 17. b3 Qc7 18. Bd2 Nb7 19. c4 bxc4 20. Bxc4 Nc5 21. Rc1 Qb7
22. Be3 Ncd7 23. Nh4 Rfe8 24. Nf5 Bf8 25. Qf3 Kh7 26. Ng3 g6 27. b4 Bg7 28. Bd2
Nb6 29. Bb3 Nbxd5 1-0

[Event "Chess24 Banter Blitz Cup"]
[Site "chess24.com INT"]
[Date "2019.09.29"]
[Round "1.5"]
[White "Perez Ponsa, F."]
[Black "Jumabayev, R."]
[Result "1-0"]
[WhiteElo "2564"]
[BlackElo "2630"]
[PlyCount "121"]
[EventDate "2019.09.25"]
[EventType "k.o. (blitz)"]
[EventRounds "7"]
[SourceTitle "OM OTB B 201907"]
[Source "Opening Master"]
[SourceDate "2019.07.06"]
[SourceVersion "2"]
[SourceVersionDate "2019.07.06"]
[SourceQuality "1"]

1. e4 c5 2. Nf3 d6 3. d4 cxd4 4. Nxd4 Nf6 5. Nc3 Nc6 6. Be2 e5 7. Nb3 Be7 8.
O-O h6 9. Be3 O-O 10. f3 a5 11. a4 Be6 12. Nd5 Bxd5 13. exd5 Nb4 14. c4 Nd7 15.
f4 exf4 16. Bxf4 Qb6+ 17. Qd4 Nxd5 18. Qxb6 N5xb6 19. Nd4 Bf6 20. Nb5 Bxb2 21.
Ra2 Be5 22. Nxd6 Bxf4 23. Rxf4 Nc5 24. Bf3 Nbxa4 25. Nxb7 Ra7 26. Rf5 Rc8 27.
Nd6 Rd8 28. Nb5 Re7 29. Bd5 g6 30. Rf3 Kg7 31. h4 h5 32. Raf2 Rdd7 33. Nd4 Nb6
34. Nc6 Nxd5 35. cxd5 Re1+ 36. Kh2 Ne4 37. Rb2 Nf6 38. Nxa5 Rxd5 39. Nc4 Rd4
40. Nd2 Re2 41. Nc4 Rxh4+ 42. Kg1 Rxb2 43. Nxb2 Rg4 44. Nd3 Re4 45. Nf2 Re7 46.
Kh2 Nh7 47. Nh3 Nf6 48. Ng5 Ng4+ 49. Kg3 f6 50. Nh3 Kh6 51. Nf4 g5 52. Nd5 Re6
53. Nc7 Rc6 54. Nd5 Kg7 55. Ne7 Re6 56. Nf5+ Kg6 57. Nd4 Re3 58. Nf5 Rxf3+ 59.
gxf3 Kxf5 60. Kg2 Kf4 61. fxg4 1-0

[Event "SCO Open 2019"]
[Site "Qingdao CHN"]
[Date "2019.09.25"]
[Round "7.6"]
[White "Chen, Qi b"]
[Black "Venkatesh, M."]
[Result "1/2-1/2"]
[WhiteElo "2435"]
[BlackElo "2481"]
[PlyCount "67"]
[EventDate "2019.09.19"]
[EventType "swiss"]
[EventRounds "9"]
[EventCountry "CHN"]
[SourceTitle "OM OTB B 201907"]
[Source "Opening Master"]
[SourceDate "2019.07.06"]
[SourceVersion "2"]
[SourceVersionDate "2019.07.06"]
[SourceQuality "1"]

1. e4 c5 2. Nf3 d6 3. d4 cxd4 4. Nxd4 Nf6 5. Nc3 Nc6 6. Be2 e5 7. Nb3 Be7 8.
Bg5 O-O 9. Bxf6 Bxf6 10. Nd5 Bg5 11. O-O Be6 12. c3 a5 13. Qd3 Ne7 14. Nxe7+
Bxe7 15. Rfd1 Qb6 16. Qb5 Qc6 17. Nd2 f5 18. exf5 Rxf5 19. a4 Rf4 20. Bf3 d5
21. g3 Rf7 22. c4 Bc5 23. cxd5 Bxd5 24. Bxd5 Qxd5 25. Ne4 Qxe4 26. Qxc5 Raf8
27. Re1 Qf3 28. Rxe5 Qxf2+ 29. Qxf2 Rxf2 30. Rb5 R8f7 31. Rxa5 Rxb2 32. Ra8+
Rf8 33. Rxf8+ Kxf8 34. a5 1/2-1/2

[Event "TCh-FIN 2019-20"]
[Site "Finland FIN"]
[Date "2019.09.15"]
[Round "2.8"]
[White "Rauramaa, J."]
[Black "Paakkonen, T."]
[Result "1/2-1/2"]
[WhiteElo "2015"]
[BlackElo "2198"]
[PlyCount "60"]
[EventDate "2019.09.14"]
[EventType "team"]
[EventRounds "11"]
[EventCountry "FIN"]
[SourceTitle "OM OTB B 201907"]
[Source "Opening Master"]
[SourceDate "2019.07.06"]
[SourceVersion "2"]
[SourceVersionDate "2019.07.06"]
[SourceQuality "1"]
[WhiteTeam "MatSK/2"]
[BlackTeam "SK Ninja"]

1. e4 c5 2. Nf3 Nc6 3. d4 cxd4 4. Nxd4 Nf6 5. Nc3 d6 6. Be2 e5 7. Nb3 Be7 8.
O-O O-O 9. f4 exf4 10. Bxf4 Be6 11. Kh1 d5 12. exd5 Nxd5 13. Nxd5 Bxd5 14. Bf3
Bc4 15. Re1 Re8 16. Qxd8 Raxd8 17. Bxc6 bxc6 18. Na5 Bb4 19. Rxe8+ Rxe8 20.
Nxc4 Re4 21. Ne5 Rxf4 22. Nxc6 Bc5 23. Rd1 h5 24. a3 Rf6 25. Ne5 Rf2 26. c4 Bd4
27. Nd3 Rc2 28. c5 Bxc5 29. Nxc5 Rxc5 30. g3 Rc2 1/2-1/2

[Event "TCh-POL 2nd League 2019"]
[Site "Jastrzebia Gora POL"]
[Date "2019.09.14"]
[Round "8.19"]
[White "Budnik, Mateusz"]
[Black "Stachanczyk, J."]
[Result "1/2-1/2"]
[WhiteElo "2090"]
[BlackElo "2168"]
[PlyCount "40"]
[EventDate "2019.09.07"]
[EventType "team"]
[EventRounds "9"]
[EventCountry "POL"]
[SourceTitle "OM OTB B 201907"]
[Source "Opening Master"]
[SourceDate "2019.07.06"]
[SourceVersion "2"]
[SourceVersionDate "2019.07.06"]
[SourceQuality "1"]
[WhiteTeam "UKS 21 Podlesie"]
[BlackTeam "MCKiS Jaworzno"]

1. e4 c5 2. Nf3 d6 3. d4 cxd4 4. Nxd4 Nf6 5. Nc3 Nc6 6. Be2 e5 7. Nb3 Be7 8.
Be3 O-O 9. f3 a5 10. O-O a4 11. Nd2 a3 12. bxa3 d5 13. exd5 Nxd5 14. Nxd5 Qxd5
15. Nc4 Qxd1 16. Rfxd1 Be6 17. Bf2 Ra4 18. Nb6 Rxa3 19. Nd5 Bxd5 20. Rxd5 Rc8
1/2-1/2

[Event "1st Lakecity Open 2019"]
[Site "Udaipur IND"]
[Date "2019.09.13"]
[Round "2.6"]
[White "Muhammed, Shuaau"]
[Black "Vasquez Schroeder, R."]
[Result "0-1"]
[WhiteElo "1876"]
[BlackElo "2476"]
[PlyCount "102"]
[EventDate "2019.09.13"]
[EventType "swiss"]
[EventRounds "10"]
[EventCountry "IND"]
[SourceTitle "OM OTB B 201907"]
[Source "Opening Master"]
[SourceDate "2019.07.06"]
[SourceVersion "2"]
[SourceVersionDate "2019.07.06"]
[SourceQuality "1"]

1. e4 c5 2. Nf3 d6 3. d4 cxd4 4. Nxd4 Nf6 5. Nc3 Nc6 6. Be2 e5 7. Nb3 Be7 8.
Bg5 O-O 9. Bxf6 Bxf6 10. O-O Be6 11. Nd5 Bg5 12. Qd3 Ne7 13. c4 Rc8 14. Nd2
Bxd2 15. Qxd2 Nc6 16. Ne3 Nd4 17. b3 Qg5 18. f4 Nxe2+ 19. Qxe2 exf4 20. Nd5
Bxd5 21. exd5 Rce8 22. Qf3 Re5 23. Qxf4 Qe7 24. Qf2 b6 25. Rae1 f5 26. b4 Qf6
27. Rxe5 Qxe5 28. Qf4 Qe7 29. Qd2 Qe4 30. Qf4 Qxf4 31. Rxf4 g6 32. Kf2 Kg7 33.
Ke3 Re8+ 34. Kd3 Kf6 35. Rf2 Re4 36. Rb2 Ke5 37. a4 f4 38. Rf2 Re3+ 39. Kd2 Ke4
40. Kc2 Ra3 41. Kb2 Rxa4 42. Kb3 Ra1 43. Re2+ Kd4 44. Re6 Rb1+ 45. Ka3 Kc3 46.
Ka2 Rb2+ 47. Ka3 Rxg2 48. Rxd6 Rg1 49. Ka2 Kxc4 50. Rd7 Rg2+ 51. Ka3 Rxh2 0-1

[Event "OP-04842"]
[Site "LSS"]
[Date "2019.09.13"]
[Round "?"]
[White "Vontina, Maria"]
[Black "Szczepanski, Zbigniew"]
[Result "0-1"]
[WhiteElo "757"]
[BlackElo "2438"]
[PlyCount "28"]
[EventDate "2019.09.03"]
[SourceTitle "LSS to Dec2020"]
[Source "LSS ed TH"]
[SourceDate "2021.01.12"]
[SourceVersion "3"]
[SourceVersionDate "2021.01.12"]
[SourceQuality "1"]

1. e4 c5 2. Nf3 Nc6 3. d4 cxd4 4. Nxd4 Nf6 5. Nc3 d6 6. Be2 e5 7. Nxc6 bxc6 8.
O-O Be7 9. f4 Qc7 10. a3 exf4 11. Bxf4 O-O 12. Bf3 Ba6 13. Kh1 Bxf1 14. Qxf1
Nd7 0-1

[Event "25th Cutro Open 2019"]
[Site "Cutro ITA"]
[Date "2019.09.11"]
[Round "4.3"]
[White "Zauner, C."]
[Black "Sumets, A."]
[Result "0-1"]
[WhiteElo "1987"]
[BlackElo "2567"]
[PlyCount "44"]
[EventDate "2019.09.09"]
[EventType "swiss"]
[EventRounds "9"]
[EventCountry "ITA"]
[SourceTitle "OM OTB B 201907"]
[Source "Opening Master"]
[SourceDate "2019.07.06"]
[SourceVersion "2"]
[SourceVersionDate "2019.07.06"]
[SourceQuality "1"]

1. Nf3 c5 2. e4 d6 3. d4 cxd4 4. Nxd4 Nf6 5. Nc3 Nc6 6. Be2 e5 7. Nb3 Be7 8.
Be3 O-O 9. g4 Be6 10. g5 Nd7 11. h4 a5 12. Bg4 a4 13. Bxe6 fxe6 14. Nc1 a3 15.
b3 Qa5 16. Bd2 Qb6 17. Nd3 Nd4 18. Rh3 Rac8 19. Rc1 Nc5 20. Be3 Qa5 21. Bd2 Qa6
22. g6 h6 0-1

[Event "China zt 3.5 Women 2019"]
[Site "Zibo CHN"]
[Date "2019.09.10"]
[Round "9.9"]
[White "Zhang, Yuxuan"]
[Black "Zhao, Shengxin"]
[Result "1/2-1/2"]
[WhiteElo "1979"]
[BlackElo "2162"]
[PlyCount "61"]
[EventDate "2019.09.05"]
[EventType "swiss"]
[EventRounds "11"]
[EventCountry "CHN"]
[SourceTitle "OM OTB B 201907"]
[Source "Opening Master"]
[SourceDate "2019.07.06"]
[SourceVersion "2"]
[SourceVersionDate "2019.07.06"]
[SourceQuality "1"]

1. e4 c5 2. Nf3 Nc6 3. d4 cxd4 4. Nxd4 Nf6 5. Nc3 d6 6. Be2 e5 7. Nf3 h6 8. O-O
Be7 9. Bc4 O-O 10. Re1 Na5 11. Bd5 Nxd5 12. Nxd5 Be6 13. b3 b6 14. Nxe7+ Qxe7
15. Ba3 Nb7 16. Nxe5 Bxb3 17. Nc6 Qc7 18. cxb3 Qxc6 19. Rc1 Qd7 20. Qd5 Rfd8
21. Red1 Rac8 22. b4 Rxc1 23. Rxc1 Rc8 24. g3 Rc7 25. Bb2 Nd8 26. b5 Rxc1+ 27.
Bxc1 Ne6 28. Ba3 Nc7 29. Qb7 Qd8 30. Qc6 d5 31. exd5 1/2-1/2

[Event "TCh-POL 2nd League 2019"]
[Site "Jastrzebia Gora POL"]
[Date "2019.09.08"]
[Round "2.5"]
[White "Licznerski, L."]
[Black "Watorek, M."]
[Result "1-0"]
[WhiteElo "2356"]
[BlackElo "2091"]
[PlyCount "81"]
[EventDate "2019.09.07"]
[EventType "team"]
[EventRounds "9"]
[EventCountry "POL"]
[SourceTitle "OM OTB B 201907"]
[Source "Opening Master"]
[SourceDate "2019.07.06"]
[SourceVersion "2"]
[SourceVersionDate "2019.07.06"]
[SourceQuality "1"]
[WhiteTeam "UKS Rodlo Opole"]
[BlackTeam "MLKSz Myslenice"]

1. e4 c5 2. Nf3 d6 3. d4 cxd4 4. Nxd4 Nf6 5. Nc3 Nc6 6. Be2 e5 7. Nf3 h6 8. O-O
Be7 9. Re1 O-O 10. h3 Be6 11. Bf1 Nb8 12. b3 Nbd7 13. Bb2 a6 14. a4 Rc8 15. Nd2
Qc7 16. Nc4 Rfd8 17. a5 Qc6 18. Qf3 d5 19. exd5 Nxd5 20. Nxd5 Bxd5 21. Qg3 Bf6
22. Rad1 e4 23. Bxf6 Nxf6 24. Nb6 Qxc2 25. Nxc8 Rxc8 26. b4 Rc3 27. Qe5 Qb3 28.
Rd4 Rc8 29. Red1 Re8 30. Qf4 Qa2 31. Qe3 Re6 32. R4d2 Qa4 33. Rxd5 Nxd5 34.
Rxd5 Qxb4 35. Rd8+ Kh7 36. Rd7 Qxa5 37. Rxf7 Qa1 38. Rxb7 a5 39. Qb3 Re5 40.
Qb2 Qxb2 41. Rxb2 1-0

[Event "RN-01559"]
[Site "LSS"]
[Date "2019.09.08"]
[Round "?"]
[White "Vontina, Maria"]
[Black "Molina, Vicente Andres"]
[Result "1-0"]
[WhiteElo "722"]
[BlackElo "562"]
[PlyCount "69"]
[EventDate "2019.08.24"]
[SourceTitle "LSS to Dec2020"]
[Source "LSS ed TH"]
[SourceDate "2021.01.12"]
[SourceVersion "3"]
[SourceVersionDate "2021.01.12"]
[SourceQuality "1"]

1. e4 c5 2. Nf3 Nc6 3. d4 cxd4 4. Nxd4 d6 5. Nc3 Nf6 6. Be2 e5 7. Nb3 Be6 8.
O-O Be7 9. Be3 O-O 10. f4 exf4 11. Bxf4 Ne5 12. Nd4 a6 13. Nxe6 fxe6 14. h3
Nfd7 15. Bxe5 dxe5 16. Bg4 Rxf1+ 17. Qxf1 Qb6+ 18. Kh1 Rf8 19. Qc1 Nf6 20. Bf3
Bb4 21. Ne2 Qf2 22. a3 Ba5 23. Qf1 Bb6 24. Qxf2 Bxf2 25. Rf1 Bh4 26. Kg1 Rd8
27. Nc3 Rd2 28. Rc1 b5 29. Nb1 Rd6 30. Kf1 Rd4 31. Nc3 g6 32. Rd1 Kf8 33. Ke2
Ke7 34. Rxd4 exd4 35. Nb1 1-0

[Event "29th TCh-SLO National"]
[Site "Slovenia SLO"]
[Date "2019.09.07"]
[Round "2.1"]
[White "Kosmac, B."]
[Black "Mohr, G."]
[Result "0-1"]
[WhiteElo "2241"]
[BlackElo "2445"]
[PlyCount "96"]
[EventDate "2019.09.06"]
[EventType "team"]
[EventRounds "9"]
[EventCountry "SLO"]
[SourceTitle "OM OTB B 201907"]
[Source "Opening Master"]
[SourceDate "2019.07.06"]
[SourceVersion "2"]
[SourceVersionDate "2019.07.06"]
[SourceQuality "1"]
[WhiteTeam "SS TZ Prevodi Dvojka"]
[BlackTeam "ZSK Maribor"]

1. e4 c5 2. Nf3 Nc6 3. d4 cxd4 4. Nxd4 Nf6 5. Nc3 d6 6. Be2 e5 7. Nb3 Be7 8.
O-O O-O 9. f4 a5 10. a4 Nb4 11. Bf3 Be6 12. Kh1 Qb6 13. f5 Bc4 14. Be2 Qc6 15.
Bg5 h6 16. Bxf6 Bxf6 17. Bxc4 Qxc4 18. Rf2 Rfd8 19. Qf1 Qxf1+ 20. Raxf1 d5 21.
exd5 Nxd5 22. Ne4 Ne3 23. Rb1 Be7 24. c3 Nc4 25. g3 Rd5 26. Re2 Rad8 27. Kg2 f6
28. Ra1 Kf7 29. Ra2 g6 30. fxg6+ Kxg6 31. g4 h5 32. Ng3 hxg4 33. Re4 Nd6 34.
Rxg4+ Kf7 35. Rh4 Kg6 36. Rg4+ Kf7 37. Rh4 Rg8 38. c4 Rd3 39. Rh7+ Kf8 40. Nxa5
Ne4 41. b3 Nxg3 42. hxg3 Rdxg3+ 43. Kh2 e4 44. c5 Bxc5 45. Nxb7 Bg1+ 46. Kh1
Bd4 47. Rh5 Rxb3 48. Nd8 Be5 0-1

[Event "3rd Innsbruck Open 2019"]
[Site "Innsbruck AUT"]
[Date "2019.08.27"]
[Round "4.13"]
[White "Sarvadh, Sathiaram"]
[Black "Murray, D."]
[Result "0-1"]
[WhiteElo "2239"]
[BlackElo "2126"]
[PlyCount "92"]
[EventDate "2019.08.25"]
[EventType "swiss"]
[EventRounds "9"]
[EventCountry "AUT"]
[SourceTitle "OM OTB B 201907"]
[Source "Opening Master"]
[SourceDate "2019.07.06"]
[SourceVersion "2"]
[SourceVersionDate "2019.07.06"]
[SourceQuality "1"]

1. e4 c5 2. Nf3 Nc6 3. d4 cxd4 4. Nxd4 Nf6 5. Nc3 d6 6. Be2 e5 7. Nb3 Be7 8.
O-O O-O 9. Be3 a5 10. a4 Nb4 11. f4 Be6 12. Bf3 exf4 13. Bxf4 Nxc2 14. Qxc2
Qb6+ 15. Qf2 Qxf2+ 16. Rxf2 Bxb3 17. Rd2 Rfd8 18. Nb5 d5 19. exd5 Nxd5 20. Bxd5
Rxd5 21. Rxd5 Bxd5 22. Rc1 Bc6 23. b3 Rd8 24. Na7 Bd5 25. Bc7 Ra8 26. Bxa5 Bxb3
27. Bb6 g6 28. a5 Re8 29. Rc3 Bd5 30. Nb5 Bb4 31. Rc2 Bc6 32. a6 bxa6 33. Nc7
Re1+ 34. Kf2 Bb5 35. Nd5 Rf1+ 36. Ke3 a5 37. Bd4 f5 38. Nf6+ Kf7 39. Nxh7 Ke6
40. Ng5+ Kd5 41. Bc3 Bc5+ 42. Kd2 Rf2+ 43. Kc1 Be3+ 44. Bd2 Bd3 45. Nh3 Rxg2
46. Ra2 a4 0-1

[Event "8th Ideon Andron Op 2019"]
[Site "Anogia GRE"]
[Date "2019.08.25"]
[Round "9.5"]
[White "Kourkoulos Arditis, Stamatis"]
[Black "Vaishali, R."]
[Result "1-0"]
[WhiteElo "2456"]
[BlackElo "2411"]
[PlyCount "75"]
[EventDate "2019.08.18"]
[EventType "swiss"]
[EventRounds "9"]
[EventCountry "GRE"]
[SourceTitle "OM OTB B 201907"]
[Source "Opening Master"]
[SourceDate "2019.07.06"]
[SourceVersion "2"]
[SourceVersionDate "2019.07.06"]
[SourceQuality "1"]

1. e4 c5 2. Nf3 Nc6 3. d4 cxd4 4. Nxd4 Nf6 5. Nc3 d6 6. Be2 e5 7. Nf3 h6 8. O-O
Be7 9. Re1 O-O 10. h3 Be6 11. Bf1 Nb8 12. b3 Nbd7 13. Bb2 a6 14. a4 Rc8 15. Nd2
Qc7 16. a5 d5 17. exd5 Nxd5 18. Nxd5 Bxd5 19. Bc4 Bc6 20. Qg4 Kh8 21. Bd3 Bg5
22. Nc4 Nf6 23. Qf5 e4 24. Bf1 Rcd8 25. Rad1 Bd7 26. Qe5 Qxe5 27. Bxe5 Bc6 28.
Nd6 Nd7 29. Bb2 f5 30. Bc4 Kh7 31. Be6 Nc5 32. Bxf5+ g6 33. Bxe4 Nxe4 34. Nxe4
Bxe4 35. Rxd8 Rxd8 36. Rxe4 Rd1+ 37. Kh2 Rd2 38. Re8 1-0

[Event "Lichtenberger Sommer 2019"]
[Site "Berlin GER"]
[Date "2019.08.25"]
[Round "9.5"]
[White "Mertens, Fri"]
[Black "Neffe, A."]
[Result "0-1"]
[WhiteElo "2113"]
[BlackElo "2198"]
[PlyCount "126"]
[EventDate "2019.08.17"]
[EventType "swiss"]
[EventRounds "9"]
[EventCountry "GER"]
[SourceTitle "OM OTB B 201907"]
[Source "Opening Master"]
[SourceDate "2019.07.06"]
[SourceVersion "2"]
[SourceVersionDate "2019.07.06"]
[SourceQuality "1"]

1. e4 c5 2. Nf3 Nc6 3. d4 cxd4 4. Nxd4 Nf6 5. Nc3 d6 6. Be2 e5 7. Nb3 Be7 8.
O-O Be6 9. Kh1 O-O 10. f4 exf4 11. Bxf4 Ne5 12. Nd4 Qb6 13. Nd5 Bxd5 14. exd5
g6 15. c4 Rfe8 16. b3 Ne4 17. Be3 Bg5 18. Bg1 Qd8 19. Nf3 Nc3 20. Qc2 Nxe2 21.
Qxe2 Ng4 22. Qd3 Bf6 23. Rae1 Qa5 24. h3 Ne5 25. Nxe5 Bxe5 26. Re2 Re7 27. Rfe1
Rae8 28. Bf2 a6 29. a4 Qb4 30. Re4 Qa5 31. Bh4 f6 32. Bf2 Qc7 33. R4e2 Qa5 34.
Re4 Rc8 35. R4e2 Rd7 36. Rf1 b5 37. cxb5 Rc3 38. Qb1 axb5 39. Be1 b4 40. Bxc3
bxc3 41. Qd3 Rc7 42. Re4 Rb7 43. Rb1 Rb4 44. Rxe5 fxe5 45. Qxc3 Qb6 46. Qc8+
Kg7 47. Qc6 Qf2 48. Qxd6 Re4 49. Qc7+ Kh6 50. Qc1+ g5 51. Qf1 Qxf1+ 52. Rxf1
Rd4 53. Rb1 e4 54. b4 e3 55. Kg1 e2 56. Kf2 Rd1 57. Kxe2 Rxb1 58. b5 Kg6 59.
Kd3 Rb4 60. b6 Rxb6 61. Kc4 Kf6 62. Kc5 Ra6 63. Kb5 Rd6 0-1

[Event "Korchnoi Memorial Open"]
[Site "St Petersburg RUS"]
[Date "2019.08.22"]
[Round "9.61"]
[White "Ponomarev, Denis"]
[Black "Pogorelskikh, Sofia"]
[Result "0-1"]
[WhiteElo "1883"]
[BlackElo "2189"]
[PlyCount "82"]
[EventDate "2019.08.14"]
[EventType "swiss"]
[EventRounds "9"]
[EventCountry "RUS"]
[SourceTitle "OM OTB B 201907"]
[Source "Opening Master"]
[SourceDate "2019.07.06"]
[SourceVersion "2"]
[SourceVersionDate "2019.07.06"]
[SourceQuality "1"]

1. e4 c5 2. Nf3 d6 3. d4 cxd4 4. Nxd4 Nf6 5. Nc3 Nc6 6. Be2 e5 7. Nf3 h6 8. O-O
Be7 9. h3 O-O 10. Re1 Be6 11. Bf1 Qd7 12. Nd5 Bd8 13. c4 Nh7 14. a3 Ng5 15.
Nxg5 Bxg5 16. Be3 Rac8 17. Qa4 Bxe3 18. Rxe3 Rfd8 19. Rd1 Nd4 20. Qxa7 Ra8 21.
Qb6 Ra4 22. Rg3 Kh8 23. Rxd4 Ra6 24. Qb4 exd4 25. Qd2 Bxd5 26. Qxd4 Rg8 27.
exd5 Raa8 28. Bd3 Rae8 29. Kh2 Re1 30. Qf4 Qe7 31. Qf5 g6 32. Qf4 Kg7 33. Qg4
Qf6 34. f4 Qd4 35. Rf3 Qg1+ 36. Kg3 Re3 37. f5 Rge8 38. f6+ Kg8 39. Kf4 g5+ 40.
Kg3 Rxf3+ 41. Qxf3 Re3 0-1

[Event "Korchnoi Memorial Open"]
[Site "St Petersburg RUS"]
[Date "2019.08.17"]
[Round "4.22"]
[White "Ponomarev, Denis"]
[Black "Borisovsky, Dmitry"]
[Result "0-1"]
[WhiteElo "1883"]
[BlackElo "2326"]
[PlyCount "60"]
[EventDate "2019.08.14"]
[EventType "swiss"]
[EventRounds "9"]
[EventCountry "RUS"]
[SourceTitle "OM OTB B 201907"]
[Source "Opening Master"]
[SourceDate "2019.07.06"]
[SourceVersion "2"]
[SourceVersionDate "2019.07.06"]
[SourceQuality "1"]

1. e4 c5 2. Nf3 d6 3. d4 cxd4 4. Nxd4 Nf6 5. Nc3 Nc6 6. Be2 e5 7. Nf3 h6 8. O-O
Be7 9. h3 O-O 10. Re1 Be6 11. Bf1 Rc8 12. Nd5 Bxd5 13. exd5 Nb8 14. c4 Nh7 15.
b4 Nd7 16. Bb2 Ng5 17. Rc1 b6 18. Nd2 f5 19. Nb3 Nf7 20. f4 Bh4 21. Re2 Bg3 22.
fxe5 Nfxe5 23. Nd4 Qh4 24. Ne6 Rf6 25. Qd4 f4 26. Re4 Rg6 27. Be2 Nf6 28. Rxe5
dxe5 29. Qxe5 f3 30. Qf5 Bf2+ 0-1

[Event "6th Prague Summer Open"]
[Site "Prague CZE"]
[Date "2019.08.08"]
[Round "8.1"]
[White "Barua, D."]
[Black "Qashashvili, A."]
[Result "0-1"]
[WhiteElo "2379"]
[BlackElo "2497"]
[PlyCount "80"]
[EventDate "2019.08.02"]
[EventType "swiss"]
[EventRounds "9"]
[EventCountry "CZE"]
[SourceTitle "OM OTB B 201907"]
[Source "Opening Master"]
[SourceDate "2019.07.06"]
[SourceVersion "2"]
[SourceVersionDate "2019.07.06"]
[SourceQuality "1"]

1. e4 c5 2. Nf3 d6 3. d4 cxd4 4. Nxd4 Nf6 5. Nc3 Nc6 6. Be2 e5 7. Nf3 h6 8. O-O
Be7 9. h3 O-O 10. Re1 Be6 11. Bf1 Nb8 12. b3 Nbd7 13. Bb2 a6 14. a4 Rc8 15. Nd2
Re8 16. Nc4 Nc5 17. Qf3 Qc7 18. a5 Rcd8 19. Ne3 Bf8 20. Ncd5 Nxd5 21. exd5 Bd7
22. h4 Be7 23. g3 Qc8 24. Nc4 Bg4 25. Qe3 Qf5 26. b4 Nd7 27. Qd2 Bf3 28. Ne3
Qg6 29. Bg2 Bxg2 30. Nxg2 Rc8 31. Rac1 Rc4 32. Rf1 f5 33. Ne3 Rc7 34. Qd3 e4
35. Qe2 Bf6 36. Bxf6 Qxf6 37. Ng2 Rc3 38. Nf4 Rec8 39. Qd2 Ne5 40. Ne2 Nf3+ 0-1

[Event "6th Prague Summer Open"]
[Site "Prague CZE"]
[Date "2019.08.06"]
[Round "6.5"]
[White "Barua, D."]
[Black "Ahn, Hongjin"]
[Result "1-0"]
[WhiteElo "2379"]
[BlackElo "2238"]
[PlyCount "85"]
[EventDate "2019.08.02"]
[EventType "swiss"]
[EventRounds "9"]
[EventCountry "CZE"]
[SourceTitle "OM OTB B 201907"]
[Source "Opening Master"]
[SourceDate "2019.07.06"]
[SourceVersion "2"]
[SourceVersionDate "2019.07.06"]
[SourceQuality "1"]

1. e4 c5 2. Nf3 d6 3. d4 cxd4 4. Nxd4 Nf6 5. Nc3 Nc6 6. Be2 e5 7. Nf3 h6 8. h3
Be7 9. O-O O-O 10. Re1 Be6 11. Bf1 Qa5 12. Bd2 Qd8 13. Bc1 Qa5 14. Nd2 a6 15.
Nc4 Qc7 16. Ne3 Nd4 17. Bd3 Qc8 18. Kh2 Bd8 19. Ncd5 Bd7 20. Nxf6+ Bxf6 21. c3
Nc6 22. Nd5 Bd8 23. Qh5 Be8 24. Qe2 b5 25. a4 Rb8 26. axb5 axb5 27. Bd2 Ne7 28.
f4 Bc6 29. Nb4 Ng6 30. g3 Re8 31. f5 Nf8 32. Ra6 Bd7 33. Qg4 Kh7 34. Qh5 f6 35.
Bc2 Re7 36. Bb3 Be8 37. Qg4 Nd7 38. Rc6 Qb7 39. Bxh6 Nc5 40. Bd5 Kxh6 41. Qh4+
Bh5 42. g4 g6 43. fxg6 1-0